| 000 | 00328nam a2200121Ia 4500 | ||
|---|---|---|---|
| 008 | 230907s9999||||xx |||||||||||||| ||und|| | ||
| 082 |
_a629.25 _bBEC |
||
| 100 |
_aBeck, Douglas Stephen. _9115459 |
||
| 245 | 0 | _aGas-turbine regenerators / | |
| 260 |
_aChapman & Hall, _bNew York : _c1996 |
||
| 300 | _axxiv, 250 p. : | ||
| 942 | _cBK | ||
| 999 |
_c598444 _d598444 |
||